MARC

LEADER 00000nam0a2200000 4500
001 361706
005 20231102011421.0
035 |a (RuTPU)RU\TPU\retro\19052 
090 |a 361706 
100 |a 20210629d1980 km y0rusy50 ca 
101 0 |a rus 
102 |a RU 
105 |a a z 001zy 
200 1 |a Магниево-литиевые сплавы  |e (свойства, технология, применение)  |f под ред. М. Е. Дрица 
210 |a Москва  |c Металлургия  |d 1980 
215 |a 140 с.  |c ил. 
320 |a Библиогр.: с. 135-138 
606 1 |a Магниево-литиевые сплавы  |2 stltpush  |3 (RuTPU)RU\TPU\subj\40725  |9 60561 
610 1 |a магний 
610 1 |a литий 
610 1 |a физико-химические свойства 
610 1 |a механические свойства 
610 1 |a структура 
610 1 |a плавка 
610 1 |a упрочнение 
610 1 |a стабильность 
610 1 |a композиционные материалы 
610 1 |a коррозия 
610 1 |a сварка 
610 1 |a техника безопасности 
675 |a 669.721.5  |v 4 
702 1 |a Дриц  |b М. Е.  |4 340 
801 1 |a RU  |b 63413507  |c 20210629 
942 |c BK